000
00306nam a2200145Ia 4500
100
_a
Lyman/Taylor Ed
942
_c
RB
654
_a
Metals Hand Book
245
_a
Metals Handbook
260
_b
American Society
_a
Ohio
_c
1971
082
_a
671.3
_b
Asm
300
_a
707
546
_a
ENGLISH
999
_c
30799
_d
30799